Die Börse, ihre Entstehung und Entwicklung, ihre Einrichtung und ihre Geschäfte
Salvato in:
| Natura: | Libro |
|---|---|
| Lingua: | tedesco |
| Pubblicazione: |
Leipzig
Verlag der modernen kaufmännischen Bibliothek
1913
|
| Tags: |
Nessun Tag, puoi essere il primo ad aggiungerne!!
|
MARC
| LEADER | 00000nam a2200000 4500 | ||
|---|---|---|---|
| 001 | 0303299 | ||
| 005 | 20240731112355.0 | ||
| 041 | 0 | |a ger | |
| 044 | |a DE | ||
| 245 | 1 | 0 | |a Die Börse, ihre Entstehung und Entwicklung, ihre Einrichtung und ihre Geschäfte |c Max Fürst |
| 264 | 1 | |a Leipzig |b Verlag der modernen kaufmännischen Bibliothek |c 1913 | |